路德三檄文和宗教改革 / (Record no. 38876)
[ view plain ]
| 000 -LEADER | |
|---|---|
| fixed length control field | 00940cam a2200301 i 4500 |
| 001 - CONTROL NUMBER | |
| control field | 005910011 |
| 005 - DATE AND TIME OF LATEST TRANSACTION | |
| control field | 20150702104338.0 |
| 008 - FIXED-LENGTH DATA ELEMENTS--GENERAL INFORMATION | |
| fixed length control field | 110119s2010 cc 000 0dchi d |
| 020 ## - INTERNATIONAL STANDARD BOOK NUMBER | |
| International Standard Book Number | 9787208094659 (平裝) : |
| Terms of availability | 人民幣35元 |
| 040 ## - CATALOGING SOURCE | |
| Original cataloging agency | CCU |
| Language of cataloging | chi |
| Transcribing agency | BSOP |
| Modifying agency | NCHU |
| Description conventions | CCR |
| 041 1# - LANGUAGE CODE | |
| Language code of text/sound track or separate title | chi |
| Language code of original and/or intermediate translations of text | ger |
| 042 ## - AUTHENTICATION CODE | |
| Authentication code | nbic |
| 044 ## - COUNTRY OF PUBLISHING/PRODUCING ENTITY CODE | |
| MARC country code | cc |
| 050 ## - LIBRARY OF CONGRESS CALL NUMBER | |
| Classification number | BR331.E5 |
| 100 1# - MAIN ENTRY--PERSONAL NAME | |
| Personal name | 洛特 |
| Fuller form of name | (Luther, Martin), |
| Dates associated with a name | 1483-1546, |
| Relator term | 著 |
| 240 10 - UNIFORM TITLE | |
| Uniform title | Three treatises. |
| 245 10 - TITLE STATEMENT | |
| Title | 路德三檄文和宗教改革 / |
| Statement of responsibility, etc | (德)马丁.路德(Martin Luther)著 ; 李勇译 |
| 250 ## - EDITION STATEMENT | |
| Edition statement | 第1版 |
| 260 ## - PUBLICATION, DISTRIBUTION, ETC. (IMPRINT) | |
| Place of publication, distribution, etc | 上海市 : |
| Name of publisher, distributor, etc | 上海人民, |
| Date of publication, distribution, etc | 2010 |
| 300 ## - PHYSICAL DESCRIPTION | |
| Extent | 287 p. ; |
| Dimensions | 21cm |
| 490 1# - SERIES STATEMENT | |
| Series statement | 世界宗教關係史文叢 |
| 500 ## - GENERAL NOTE | |
| General note | 著者改譯 洛特 |
| 500 ## - GENERAL NOTE | |
| General note | 簡體字本 |
| 504 ## - BIBLIOGRAPHY, ETC. NOTE | |
| Bibliography, etc | 附錄:1.給教皇利奧十世的信; 2.馬丁.路德作品魏瑪版史略 |
| 700 1# - ADDED ENTRY--PERSONAL NAME | |
| Personal name | 李勇, |
| Relator term | 譯 |
| 830 #0 - SERIES ADDED ENTRY--UNIFORM TITLE | |
| Uniform title | 世界宗教關係史文叢 |
| 942 ## - ADDED ENTRY ELEMENTS (KOHA) | |
| Source of classification or shelving scheme | Library of Congress Classification |
| Item type | Books |
| Withdrawn status | Lost status | Source of classification or shelving scheme | Damaged status | Not for loan | Home library | Current library | Shelving location | Date acquired | Accession number | Total Checkouts | Full call number | Barcode | Date last seen | Price effective from | Koha item type |
|---|---|---|---|---|---|---|---|---|---|---|---|---|---|---|---|
| Library of Congress Classification | BSOP Library | BSOP Library | Chinese Books (General Circulation) | 07/02/2015 | C-13572 | CH BR 331.E5 L97 | 00045972 | 07/02/2015 | 07/02/2015 | Books |
